[Event "Edmonton Octob op"]
[Site "Edmonton CAN"]
[Date "2005.10.30"]
[Round "4"]
[White "Aspler, Gerald"]
[Black "Karmali, Hafiz"]
[Result "0-1"]
[WhiteElo "1967"]
[BlackElo "1906"]
[PlyCount "62"]
[GameId "2160767910834230"]
[EventDate "2005.10.28"]
[EventType "swiss"]
[EventRounds "5"]
[EventCountry "CAN"]
[SourceTitle "EXT 2008"]
[Source "ChessBase"]
[SourceDate "2007.11.25"]
[SourceVersion "1"]
[SourceVersionDate "2007.11.25"]
[SourceQuality "1"]

1. c4 c6 2. g3 d5 3. b3 e5 4. Bb2 d4 5. Bg2 c5 6. d3 Bd6 7. Nd2 f5 8. Nh3 Nf6 9. Qc2 O-O 10. O-O Qc7 11. a3 a5 12. Rae1 Nc6 13. e3 Bd7 14. exd4 Nxd4 15. Bxd4 exd4 16. Re2 Bc6 17. Bxc6 Qxc6 18. a4 Rae8 19. Rfe1 h6 20. Qd1 g5 21. Re6 Qd7 22. Qe2 g4 23. Nf4 Bxf4 24. gxf4 Kf7 25. Rxe8 Rxe8 26. Qf1 Nh5 27. Re5 Nxf4 28. Rxc5 Re2 29. f3 Nh3+ 30. Kh1 Rxd2 31. fxg4 Rd1 0-1

[Event "Edmonton Octob op"]
[Site "Edmonton CAN"]
[Date "2005.10.30"]
[Round "4"]
[White "Gonzalez, Ivan1"]
[Black "Yamach, Ahmet"]
[Result "1-0"]
[WhiteElo "1859"]
[BlackElo "1822"]
[PlyCount "97"]
[GameId "2160767910834231"]
[EventDate "2005.10.28"]
[EventType "swiss"]
[EventRounds "5"]
[EventCountry "CAN"]
[SourceTitle "EXT 2008"]
[Source "ChessBase"]
[SourceDate "2007.11.25"]
[SourceVersion "1"]
[SourceVersionDate "2007.11.25"]
[SourceQuality "1"]

1. d4 d5 2. Nf3 Nf6 3. c4 c6 4. Bg5 Ne4 5. Bf4 dxc4 6. Qc2 Nd6 7. e4 Bg4 8. Ne5 Be6 9. Nd2 Nd7 10. Ndxc4 Nxc4 11. Bxc4 Bxc4 12. Nxc4 Nb6 13. Rd1 e6 14. O-O Be7 15. Rfe1 O-O 16. Re3 Re8 17. Ne5 Bf8 18. Ng4 Kh8 19. Ne5 Qe7 20. Qe2 g6 21. Rh3 Bg7 22. Bg5 Qf8 23. Qf3 Kg8 24. Ng4 f5 25. Nh6+ Bxh6 26. Bxh6 Qf7 27. Bg5 fxe4 28. Qxf7+ Kxf7 29. Rxh7+ Kg8 30. Rxb7 Nd5 31. h4 Reb8 32. Rxb8+ Rxb8 33. Rd2 Kf7 34. a3 a5 35. Rc2 Rb6 36. Bc1 Kf6 37. g4 e5 38. dxe5+ Kxe5 39. Rc5 Ra6 40. Bd2 a4 41. Kh2 Kd4 42. Ra5 Rxa5 43. Bxa5 Ke5 44. Kg3 Kf6 45. Bc3+ Ke6 46. Bd4 Kd6 47. h5 gxh5 48. gxh5 Ke6 49. h6 1-0

[Event "Edmonton Octob op"]
[Site "Edmonton CAN"]
[Date "2005.10.30"]
[Round "4"]
[White "Haessel, Dale"]
[Black "Gentes, Kevin"]
[Result "1-0"]
[WhiteElo "2255"]
[BlackElo "2323"]
[PlyCount "85"]
[GameId "2160767910834232"]
[EventDate "2005.10.28"]
[EventType "swiss"]
[EventRounds "5"]
[EventCountry "CAN"]
[SourceTitle "EXT 2008"]
[Source "ChessBase"]
[SourceDate "2007.11.25"]
[SourceVersion "1"]
[SourceVersionDate "2007.11.25"]
[SourceQuality "1"]

1. c4 g6 2. g3 Bg7 3. Bg2 e5 4. Nc3 Ne7 5. e4 Nbc6 6. Nge2 d6 7. d3 f5 8. Nd5 O-O 9. O-O Be6 10. Rb1 Qd7 11. Bg5 Nc8 12. exf5 Rxf5 13. Qd2 Rf7 14. b4 Bh3 15. Bxh3 Qxh3 16. b5 Nd4 17. Nxd4 exd4 18. Rfe1 h6 19. Bd8 Nb6 20. Ne7+ Kh7 21. Bxc7 Raf8 22. f4 Be5 23. fxe5 Rf2 24. Qxf2 Rxf2 25. Kxf2 Qxh2+ 26. Kf3 dxe5 27. Bxe5 Qc2 28. Rbd1 Qc3 29. Ke4 Qc2 30. Kf3 Qc3 31. Nd5 Nxd5 32. cxd5 Qc5 33. Ke4 Qxb5 34. Rf1 Qd7 35. Rc1 Qg4+ 36. Rf4 Qe2+ 37. Kxd4 Qb2+ 38. Rc3 g5 39. Rf6 Qa1 40. Ke4 Qe1+ 41. Kf5 Qf1+ 42. Ke6 Qh3+ 43. Kd6 1-0

[Event "Edmonton Octob op"]
[Site "Edmonton CAN"]
[Date "2005.10.30"]
[Round "4"]
[White "Kazakevich, Anastasia"]
[Black "Gardner, Robert"]
[Result "1-0"]
[WhiteElo "2029"]
[BlackElo "2252"]
[PlyCount "71"]
[GameId "2160767910834234"]
[EventDate "2005.10.28"]
[EventType "swiss"]
[EventRounds "5"]
[EventCountry "CAN"]
[SourceTitle "EXT 2008"]
[Source "ChessBase"]
[SourceDate "2007.11.25"]
[SourceVersion "1"]
[SourceVersionDate "2007.11.25"]
[SourceQuality "1"]

1. d4 Nf6 2. c4 e6 3. Nc3 Bb4 4. Qc2 O-O 5. Nf3 c5 6. dxc5 Bxc5 7. e3 b6 8. Be2 Bb7 9. O-O Nc6 10. a3 a5 11. Rd1 Qe7 12. b3 Rac8 13. Bb2 Ng4 14. Na4 f5 15. Nxc5 bxc5 16. Qd2 Nb8 17. Qxa5 Bxf3 18. Bxf3 Qh4 19. Bxg4 fxg4 20. Qe1 Qh6 21. Be5 Rf5 22. Bg3 g5 23. Qe2 Qg6 24. Bxb8 Rxb8 25. Qxg4 Qf7 26. Qe2 Rxb3 27. Qc2 Rb8 28. Rab1 Rf8 29. Rd2 g4 30. Rb7 Qf6 31. Rdxd7 Qa1+ 32. Rd1 Qxa3 33. Qe4 Kh8 34. Qxe6 Rxf2 35. Qe5+ R2f6 36. Qxf6+ 1-0

[Event "Edmonton Octob op"]
[Site "Edmonton CAN"]
[Date "2005.10.30"]
[Round "4"]
[White "Mrugala, David"]
[Black "Climenhaga, Harold"]
[Result "1/2-1/2"]
[WhiteElo "1793"]
[BlackElo "1811"]
[PlyCount "73"]
[GameId "2160767910834235"]
[EventDate "2005.10.28"]
[EventType "swiss"]
[EventRounds "5"]
[EventCountry "CAN"]
[SourceTitle "EXT 2008"]
[Source "ChessBase"]
[SourceDate "2007.11.25"]
[SourceVersion "1"]
[SourceVersionDate "2007.11.25"]
[SourceQuality "1"]

1. c4 Nf6 2. g3 g6 3. Bg2 Bg7 4. Nc3 O-O 5. Nf3 d6 6. O-O Nc6 7. d3 e5 8. e4 Bg4 9. h3 Bxf3 10. Qxf3 Nd4 11. Qd1 Nd7 12. Ne2 Ne6 13. Rb1 c6 14. b4 f5 15. exf5 gxf5 16. f4 exf4 17. Bxf4 Be5 18. b5 Rc8 19. Kh2 Nxf4 20. Nxf4 Bxf4 21. Rxf4 Qg5 22. bxc6 bxc6 23. d4 Nf6 24. Qd3 Nh5 25. Rf2 Rce8 26. Rb3 f4 27. g4 Re3 28. Qd1 Rfe8 29. Rf3 Re1 30. Qd2 R8e2 31. Rb8+ Kg7 32. Qb4 Ng3 33. Rb7+ Kg8 34. Rb8+ Kg7 35. Rb7+ Kg8 36. Rb8+ Kg7 37. Rb7+ 1/2-1/2

[Event "Edmonton Octob op"]
[Site "Edmonton CAN"]
[Date "2005.10.30"]
[Round "4"]
[White "Pua, Richard"]
[Black "Kuczaj, Chris"]
[Result "0-1"]
[WhiteElo "1892"]
[BlackElo "1876"]
[PlyCount "98"]
[GameId "2160767910834236"]
[EventDate "2005.10.28"]
[EventType "swiss"]
[EventRounds "5"]
[EventCountry "CAN"]
[SourceTitle "EXT 2008"]
[Source "ChessBase"]
[SourceDate "2007.11.25"]
[SourceVersion "1"]
[SourceVersionDate "2007.11.25"]
[SourceQuality "1"]

1. d4 Nf6 2. Bg5 e6 3. e4 h6 4. Bxf6 Qxf6 5. Nc3 d6 6. Qd2 c6 7. f4 d5 8. e5 Qd8 9. Nce2 c5 10. c3 Nc6 11. Nf3 Qb6 12. h3 Bd7 13. g4 Rc8 14. Bg2 h5 15. Kf2 g6 16. Rhb1 Na5 17. b3 cxd4 18. Nfxd4 Nc6 19. Kf1 Nxd4 20. Nxd4 hxg4 21. hxg4 Bc5 22. Kf2 Qc7 23. Rh1 Ke7 24. Rxh8 Rxh8 25. Rh1 Rxh1 26. Bxh1 Qb8 27. Kg3 Qh8 28. Bf3 g5 29. fxg5 Qxe5+ 30. Qf4 Bd6 31. Qxe5 Bxe5+ 32. Kh4 Bxd4 33. cxd4 Kd6 34. g6 fxg6 35. Kg5 e5 36. dxe5+ Kxe5 37. Kxg6 d4 38. g5 b5 39. Kh6 d3 40. g6 Kd4 41. g7 Be6 42. Kh7 d2 43. g8=Q Bxg8+ 44. Kxg8 Kc3 45. Kf7 Kb2 46. a4 b4 47. Ke6 Kxb3 48. Kd5 Kc3 49. Ke4 b3 0-1

[Event "Edmonton Octob op"]
[Site "Edmonton CAN"]
[Date "2005.10.30"]
[Round "4"]
[White "Smorshchok, Daniel"]
[Black "Ross, Malcolm"]
[Result "0-1"]
[WhiteElo "1166"]
[BlackElo "1251"]
[PlyCount "142"]
[GameId "2160767910834237"]
[EventDate "2005.10.28"]
[EventType "swiss"]
[EventRounds "5"]
[EventCountry "CAN"]
[SourceTitle "EXT 2008"]
[Source "ChessBase"]
[SourceDate "2007.11.25"]
[SourceVersion "1"]
[SourceVersionDate "2007.11.25"]
[SourceQuality "1"]

1. e4 c5 2. f3 d6 3. Nc3 Nf6 4. Bc4 Nc6 5. d3 e6 6. Bg5 Be7 7. f4 O-O 8. Bxf6 Bxf6 9. Nf3 Bh4+ 10. g3 Bf6 11. Qd2 Qa5 12. Bb3 Nd4 13. Nxd4 Bxd4 14. O-O-O Bxc3 15. Qxc3 Qxc3 16. bxc3 b5 17. g4 a5 18. a4 Bd7 19. h4 bxa4 20. Ba2 Rab8 21. h5 a3 22. g5 Rb2 23. Bc4 Ba4 24. Rd2 Rfb8 25. Bb3 Bxb3 26. cxb3 R8xb3 27. Rxb2 Rxb2 28. f5 Rf2 29. Kb1 exf5 30. exf5 Rxf5 31. g6 fxg6 32. hxg6 hxg6 33. Rg1 Rf3 34. Rd1 Rf2 35. d4 a2+ 36. Ka1 Rc2 37. Rd3 c4 38. Rg3 a4 39. Re3 Rd2 40. Rg3 Rd3 41. Rxg6 Rxc3 42. Rxd6 Rc2 43. Rc6 c3 44. d5 Rd2 45. d6 c2 46. d7 Rxd7 47. Rxc2 Rd4 48. Kxa2 Kf7 49. Rf2+ Ke6 50. Rg2 Kf6 51. Rf2+ Kg5 52. Rg2+ Rg4 53. Rf2 Rg3 54. Rf7 Kh4 55. Ra7 Rg4 56. Rf7 g5 57. Rh7+ Kg3 58. Rc7 Rf4 59. Rc1 g4 60. Rc2 Rf2 61. Rxf2 Kxf2 62. Ka3 g3 63. Kxa4 g2 64. Kb5 g1=Q 65. Kc4 Qd1 66. Kc3 Ke3 67. Kc4 Qd3+ 68. Kb4 Kd4 69. Ka4 Qb1 70. Ka3 Kc3 71. Ka4 Qb4# 0-1

[Event "Edmonton Octob op"]
[Site "Edmonton CAN"]
[Date "2005.10.30"]
[Round "5"]
[White "Gentes, Kevin"]
[Black "Kazakevich, Anastasia"]
[Result "1/2-1/2"]
[WhiteElo "2323"]
[BlackElo "2029"]
[PlyCount "61"]
[GameId "2160767910834238"]
[EventDate "2005.10.28"]
[EventType "swiss"]
[EventRounds "5"]
[EventCountry "CAN"]
[SourceTitle "EXT 2008"]
[Source "ChessBase"]
[SourceDate "2007.11.25"]
[SourceVersion "1"]
[SourceVersionDate "2007.11.25"]
[SourceQuality "1"]

1. d4 d5 2. c4 c6 3. Nf3 e6 4. Qc2 Nf6 5. g3 Bb4+ 6. Bd2 Bxd2+ 7. Nbxd2 O-O 8. Bg2 Nbd7 9. O-O Re8 10. e4 Nxe4 11. Nxe4 dxe4 12. Qxe4 Nf6 13. Qc2 Qc7 14. Rfe1 b6 15. Ne5 Bb7 16. c5 b5 17. a4 a6 18. Qd2 Red8 19. b4 Nd5 20. a5 Re8 21. Re2 Rad8 22. Rae1 Bc8 23. Be4 f6 24. Nf3 e5 25. dxe5 fxe5 26. Nxe5 Rxe5 27. Bxh7+ Kxh7 28. Rxe5 Qf7 29. Qd4 Rf8 30. f4 Kg8 31. Rg5 1/2-1/2

[Event "Edmonton Octob op"]
[Site "Edmonton CAN"]
[Date "2005.10.30"]
[Round "5"]
[White "Karmali, Hafiz"]
[Black "Pua, Richard"]
[Result "1-0"]
[WhiteElo "1906"]
[BlackElo "1892"]
[PlyCount "79"]
[GameId "2160767910834239"]
[EventDate "2005.10.28"]
[EventType "swiss"]
[EventRounds "5"]
[EventCountry "CAN"]
[SourceTitle "EXT 2008"]
[Source "ChessBase"]
[SourceDate "2007.11.25"]
[SourceVersion "1"]
[SourceVersionDate "2007.11.25"]
[SourceQuality "1"]

1. d4 Nf6 2. c4 e6 3. Nc3 d5 4. Bg5 Be7 5. e3 O-O 6. Nf3 Nbd7 7. Rc1 c6 8. Bd3 dxc4 9. Bxc4 Nd5 10. Bxe7 Qxe7 11. O-O Nxc3 12. Rxc3 e5 13. e4 exd4 14. Qxd4 c5 15. Qe3 b6 16. Bd5 Rb8 17. e5 Bb7 18. Rd3 Bxd5 19. Rxd5 Rfd8 20. Ng5 Nf8 21. Rxd8 Rxd8 22. f4 Ne6 23. Ne4 Nd4 24. Qe1 Nf5 25. g4 Nd4 26. Nd6 Kf8 27. Kg2 Kg8 28. Qg3 f6 29. Nf5 Nxf5 30. gxf5 Rd2+ 31. Kh3 c4 32. e6 Rd3 33. Rf3 Rxf3 34. Qxf3 g6 35. Qd5 gxf5 36. Qxf5 Qg7 37. Qd5 Qh6+ 38. Kg3 Qg6+ 39. Kf3 f5 40. e7+ 1-0

[Event "Edmonton Octob op"]
[Site "Edmonton CAN"]
[Date "2005.10.30"]
[Round "5"]
[White "Li, Zhichao"]
[Black "Haessel, Dale"]
[Result "1-0"]
[WhiteElo "2198"]
[BlackElo "2255"]
[PlyCount "95"]
[GameId "2160767910834241"]
[EventDate "2005.10.28"]
[EventType "swiss"]
[EventRounds "5"]
[EventCountry "CAN"]
[SourceTitle "EXT 2008"]
[Source "ChessBase"]
[SourceDate "2007.11.25"]
[SourceVersion "1"]
[SourceVersionDate "2007.11.25"]
[SourceQuality "1"]

1. c4 c5 2. Nc3 b6 3. Nf3 Bb7 4. e3 Nf6 5. d4 cxd4 6. exd4 e6 7. Be2 Be7 8. O-O d6 9. Be3 O-O 10. b4 Nbd7 11. Nd2 e5 12. d5 Ne8 13. f3 f5 14. Qc2 Rc8 15. Rad1 Nc7 16. Qb3 Rb8 17. a3 Bg5 18. Bf2 Qe7 19. Qc2 Rbc8 20. Nb3 Rf6 21. Qb1 Ne8 22. Qa2 Kh8 23. a4 a6 24. Qa1 Qd8 25. a5 Rf7 26. Rb1 Qc7 27. Rfd1 Be7 28. Na4 bxa5 29. Nxa5 Nef6 30. Qa2 Rcf8 31. Nxb7 Qxb7 32. c5 Nb8 33. b5 axb5 34. Rxb5 Qa8 35. Bc4 e4 36. c6 exf3 37. gxf3 Bd8 38. Rdb1 Na6 39. Rb7 f4 40. Nc5 dxc5 41. d6 Rxb7 42. cxb7 Qb8 43. Bxa6 Nd7 44. Qe6 Nb6 45. Bxc5 Qa7 46. Qe2 h6 47. Qb5 Rf5 48. Qe8+ 1-0

[Event "Edmonton Octob op"]
[Site "Edmonton CAN"]
[Date "2005.10.30"]
[Round "5"]
[White "Newton, Geoff"]
[Black "Aspler, Gerald"]
[Result "1/2-1/2"]
[WhiteElo "1938"]
[BlackElo "1967"]
[PlyCount "41"]
[GameId "2160767910834242"]
[EventDate "2005.10.28"]
[EventType "swiss"]
[EventRounds "5"]
[EventCountry "CAN"]
[SourceTitle "EXT 2008"]
[Source "ChessBase"]
[SourceDate "2007.11.25"]
[SourceVersion "1"]
[SourceVersionDate "2007.11.25"]
[SourceQuality "1"]

1. d4 Nf6 2. c4 c5 3. d5 b5 4. cxb5 a6 5. bxa6 Bxa6 6. Nc3 d6 7. b3 g6 8. Bb2 Bg7 9. Qd2 Qa5 10. Rd1 O-O 11. e4 Bxf1 12. Kxf1 Nbd7 13. Nge2 Rfb8 14. f3 Ne5 15. Na4 Qxd2 16. Rxd2 Nfd7 17. Bxe5 Nxe5 18. Nac3 c4 19. Kf2 cxb3 20. axb3 Rxb3 21. Rb1 1/2-1/2

[Event "Edmonton Octob op"]
[Site "Edmonton CAN"]
[Date "2005.10.30"]
[Round "5"]
[White "Yamach, Ahmet"]
[Black "Stark, Mark"]
[Result "0-1"]
[WhiteElo "1822"]
[BlackElo "1843"]
[PlyCount "86"]
[GameId "2160767910834243"]
[EventDate "2005.10.28"]
[EventType "swiss"]
[EventRounds "5"]
[EventCountry "CAN"]
[SourceTitle "EXT 2008"]
[Source "ChessBase"]
[SourceDate "2007.11.25"]
[SourceVersion "1"]
[SourceVersionDate "2007.11.25"]
[SourceQuality "1"]

1. d4 Nf6 2. c4 c5 3. d5 d6 4. Nc3 g6 5. Nf3 Bg7 6. g3 O-O 7. Bg2 e6 8. dxe6 fxe6 9. e4 Nc6 10. O-O e5 11. Bg5 Be6 12. Nd5 Bxd5 13. exd5 Ne7 14. Nd2 Qd7 15. Bxf6 Bxf6 16. Ne4 a6 17. a4 Nf5 18. Bh3 Qe7 19. Bxf5 gxf5 20. Nxf6+ Qxf6 21. Qd2 Rfb8 22. Qc3 Kf7 23. b3 b6 24. a5 Rb7 25. Rfb1 e4 26. Qc2 Qd4 27. Rd1 Qf6 28. Rdb1 b5 29. Ra2 bxc4 30. bxc4 Rab8 31. Rxb7+ Rxb7 32. Qa4 f4 33. Rd2 e3 34. Rd1 fxg3 35. Qc2 Qxf2+ 36. Qxf2+ gxf2+ 37. Kf1 Rb2 38. Rc1 Kf6 39. Kg2 Ke5 40. Kf3 Kd4 41. Rd1+ Rd2 42. Rc1 f1=Q+ 43. Rxf1 Rf2+ 0-1

[Event "Edmonton Sept op"]
[Site "Edmonton CAN"]
[Date "2005.09.01"]
[Round "1"]
[White "Campbell, John"]
[Black "Hughey, Micah"]
[Result "0-1"]
[WhiteElo "1629"]
[BlackElo "2007"]
[PlyCount "26"]
[GameId "2160767910900538"]
[EventDate "2005.09.01"]
[EventType "swiss"]
[EventRounds "4"]
[EventCountry "CAN"]
[SourceTitle "EXT 2008"]
[Source "ChessBase"]
[SourceDate "2007.11.25"]
[SourceVersion "1"]
[SourceVersionDate "2007.11.25"]
[SourceQuality "1"]

1. e4 e5 2. Nf3 Nc6 3. Bc4 Nf6 4. Nc3 Nxe4 5. Nxe4 d5 6. Bd3 dxe4 7. Bxe4 Bd6 8. d3 O-O 9. Be3 Ne7 10. d4 f5 11. dxe5 Bb4+ 12. c3 Qxd1+ 13. Rxd1 fxe4 0-1

[Event "Edmonton Sept op"]
[Site "Edmonton CAN"]
[Date "2005.09.01"]
[Round "1"]
[White "Khataw, Rahim"]
[Black "Procyshyn, Jeff"]
[Result "0-1"]
[WhiteElo "1718"]
[BlackElo "1232"]
[PlyCount "52"]
[GameId "2160767910900539"]
[EventDate "2005.09.01"]
[EventType "swiss"]
[EventRounds "4"]
[EventCountry "CAN"]
[SourceTitle "EXT 2008"]
[Source "ChessBase"]
[SourceDate "2007.11.25"]
[SourceVersion "1"]
[SourceVersionDate "2007.11.25"]
[SourceQuality "1"]

1. e4 e6 2. d4 d5 3. Nc3 Bb4 4. e5 Ne7 5. a3 Bxc3+ 6. bxc3 O-O 7. Bd3 c5 8. Nf3 Nf5 9. g4 Nh4 10. Nxh4 Qxh4 11. Qf3 Nc6 12. Qg3 Qxg3 13. hxg3 g6 14. Bb5 cxd4 15. Bxc6 bxc6 16. cxd4 Ba6 17. Bg5 Rac8 18. Bf6 Rfe8 19. Rxh7 Kxh7 20. g5 Rg8 21. Kd2 Rg7 22. Rh1+ Kg8 23. Bxg7 Kxg7 24. f4 c5 25. c3 cxd4 26. cxd4 Rc4 0-1

[Event "Edmonton Sept op"]
[Site "Edmonton CAN"]
[Date "2005.09.03"]
[Round "1"]
[White "McLeod, Damon M"]
[Black "Karmali, Hafiz"]
[Result "0-1"]
[WhiteElo "1591"]
[BlackElo "1902"]
[PlyCount "46"]
[GameId "2160767910900540"]
[EventDate "2005.09.01"]
[EventType "swiss"]
[EventRounds "4"]
[EventCountry "CAN"]
[SourceTitle "EXT 2008"]
[Source "ChessBase"]
[SourceDate "2007.11.25"]
[SourceVersion "1"]
[SourceVersionDate "2007.11.25"]
[SourceQuality "1"]

1. e4 Nf6 2. e5 Nd5 3. d4 d6 4. exd6 cxd6 5. Nf3 g6 6. Bb5+ Bd7 7. Bxd7+ Nxd7 8. O-O Bg7 9. Nbd2 O-O 10. Ne4 Qb6 11. h4 Rac8 12. c3 N7f6 13. Re1 Rfe8 14. Ng3 h5 15. Ng5 e5 16. Nf3 Ng4 17. Re2 exd4 18. Nxd4 Be5 19. Ne4 Rc4 20. Rd2 Bh2+ 21. Kh1 Rxe4 22. f3 Nde3 23. Qe1 Nf5 0-1

[Event "Edmonton Sept op"]
[Site "Edmonton CAN"]
[Date "2005.09.15"]
[Round "2"]
[White "Karmali, Hafiz"]
[Black "Wihnon, Jason"]
[Result "1-0"]
[WhiteElo "1902"]
[BlackElo "1752"]
[PlyCount "43"]
[GameId "2160767910900541"]
[EventDate "2005.09.01"]
[EventType "swiss"]
[EventRounds "4"]
[EventCountry "CAN"]
[SourceTitle "EXT 2008"]
[Source "ChessBase"]
[SourceDate "2007.11.25"]
[SourceVersion "1"]
[SourceVersionDate "2007.11.25"]
[SourceQuality "1"]

1. c4 Nf6 2. Nc3 d5 3. cxd5 Nxd5 4. g3 g6 5. Bg2 Nb6 6. d3 Bg7 7. Nf3 Nc6 8. O-O O-O 9. Be3 Ne5 10. Nxe5 Bxe5 11. Rc1 c6 12. Qd2 Be6 13. Rfd1 Bg7 14. Bh6 Qd7 15. Bxg7 Kxg7 16. d4 Rfd8 17. b3 Rac8 18. Ne4 Bd5 19. Nc5 Qc7 20. e4 Be6 21. d5 Qb8 22. Qc3+ 1-0

[Event "Edmonton Sept op"]
[Site "Edmonton CAN"]
[Date "2005.09.17"]
[Round "2"]
[White "Hughey, Micah"]
[Black "Fokkema, Jerred"]
[Result "0-1"]
[WhiteElo "2012"]
[BlackElo "1751"]
[PlyCount "86"]
[GameId "2160767910900542"]
[EventDate "2005.09.01"]
[EventType "swiss"]
[EventRounds "4"]
[EventCountry "CAN"]
[SourceTitle "EXT 2008"]
[Source "ChessBase"]
[SourceDate "2007.11.25"]
[SourceVersion "1"]
[SourceVersionDate "2007.11.25"]
[SourceQuality "1"]

1. d4 d5 2. c4 e6 3. Nc3 Nf6 4. Bg5 Be7 5. e3 O-O 6. Nf3 b6 7. Be2 Bb7 8. cxd5 exd5 9. Qa4 Nbd7 10. O-O c6 11. Rfd1 b5 12. Qc2 Rc8 13. Rac1 Qb6 14. Ne5 Rfe8 15. f4 h6 16. Bh4 a6 17. Qf5 Rc7 18. Bd3 Bc8 19. Ng4 Kf8 20. Nxh6 gxh6 21. Qh3 Ne5 22. Bf5 Bxf5 23. Qxf5 Ned7 24. g4 Ne4 25. Nxe4 dxe4 26. Qh7 Bxh4 27. Qxh6+ Kg8 28. Qxh4 c5 29. dxc5 Rxc5 30. Rxc5 Nxc5 31. Qg5+ Qg6 32. Qxg6+ fxg6 33. Rd5 Nd3 34. Rd6 Kf7 35. Rxa6 Nxb2 36. Kf2 Nd3+ 37. Ke2 Rh8 38. Ra7+ Ke6 39. Ra6+ Kd5 40. Rxg6 Rxh2+ 41. Kd1 Rxa2 42. Rg5+ Kc4 43. f5 Kc3 0-1

[Event "Edmonton Sept op"]
[Site "Edmonton CAN"]
[Date "2005.09.22"]
[Round "3"]
[White "Fokkema, Jerred"]
[Black "Karmali, Hafiz"]
[Result "0-1"]
[WhiteElo "1819"]
[BlackElo "1902"]
[PlyCount "78"]
[GameId "2160767910900543"]
[EventDate "2005.09.01"]
[EventType "swiss"]
[EventRounds "4"]
[EventCountry "CAN"]
[SourceTitle "EXT 2008"]
[Source "ChessBase"]
[SourceDate "2007.11.25"]
[SourceVersion "1"]
[SourceVersionDate "2007.11.25"]
[SourceQuality "1"]

1. e4 Nf6 2. Nc3 d5 3. exd5 Nxd5 4. Nxd5 Qxd5 5. Qf3 Be6 6. Qxd5 Bxd5 7. c4 Bc6 8. d4 e6 9. a3 Nd7 10. Be3 g6 11. Nh3 Bg7 12. O-O-O Nf6 13. f3 O-O 14. Nf2 a6 15. Be2 b5 16. Rd2 bxc4 17. Bxc4 Bd5 18. Rc2 Bxc4 19. Rxc4 Nd5 20. Re1 Rfd8 21. Bg5 Rd7 22. Ne4 Nb6 23. Nc5 Rxd4 24. Rxd4 Bxd4 25. Nb3 Bg7 26. Rd1 Nd5 27. Nc5 Rb8 28. Rd2 h6 29. Bh4 a5 30. Kb1 Rb5 31. Nd3 Ne3 32. Ka2 Rd5 33. Be1 a4 34. g3 Nf1 35. Rf2 Rxd3 36. Rxf1 Rd1 37. Rg1 Bd4 38. Rf1 c5 39. f4 Rc1 0-1

[Event "Edmonton Sept op"]
[Site "Edmonton CAN"]
[Date "2005.09.29"]
[Round "4"]
[White "Karmali, Hafiz"]
[Black "Haynes, Nicolas"]
[Result "1/2-1/2"]
[WhiteElo "1902"]
[BlackElo "2042"]
[PlyCount "45"]
[GameId "2160767910900544"]
[EventDate "2005.09.01"]
[EventType "swiss"]
[EventRounds "4"]
[EventCountry "CAN"]
[SourceTitle "EXT 2008"]
[Source "ChessBase"]
[SourceDate "2007.11.25"]
[SourceVersion "1"]
[SourceVersionDate "2007.11.25"]
[SourceQuality "1"]

1. d4 d6 2. c4 Nf6 3. Nc3 Nbd7 4. f4 e5 5. Nf3 exd4 6. Nxd4 g6 7. e4 Bg7 8. Bd3 O-O 9. O-O Nc5 10. Bc2 Re8 11. Re1 a5 12. h3 c6 13. Nb3 Na6 14. Be3 Be6 15. Nd2 d5 16. cxd5 cxd5 17. e5 d4 18. exf6 dxe3 19. Nde4 Bxf6 20. Nxf6+ Qxf6 21. Qf3 Bd7 22. Rxe3 Bc6 23. Be4 1/2-1/2

[Event "Edmonton Sept op"]
[Site "Edmonton CAN"]
[Date "2005.09.29"]
[Round "4"]
[White "Rekhson, Vladislav"]
[Black "Campbell, John"]
[Result "1-0"]
[WhiteElo "2112"]
[BlackElo "1629"]
[PlyCount "69"]
[GameId "2160767910900545"]
[EventDate "2005.09.01"]
[EventType "swiss"]
[EventRounds "4"]
[EventCountry "CAN"]
[SourceTitle "EXT 2008"]
[Source "ChessBase"]
[SourceDate "2007.11.25"]
[SourceVersion "1"]
[SourceVersionDate "2007.11.25"]
[SourceQuality "1"]

1. e4 e5 2. Nf3 Nc6 3. Bb5 a6 4. Ba4 Nf6 5. d3 b5 6. Bb3 Be7 7. Nbd2 d6 8. c3 O-O 9. Nf1 Na5 10. Bc2 c5 11. Ng3 Re8 12. O-O Bg4 13. h3 Be6 14. Ng5 Bc8 15. f4 Nc6 16. fxe5 dxe5 17. Nf5 Bf8 18. Bb3 c4 19. dxc4 Qxd1 20. Rxd1 Na5 21. cxb5 Nxb3 22. axb3 Bb7 23. Nd6 Red8 24. Ngxf7 Rd7 25. Bg5 Nxe4 26. Nxe4 Rxf7 27. Nd6 Bxd6 28. Rxd6 axb5 29. Rxa8+ Bxa8 30. Rb6 h6 31. Be3 Bb7 32. Rxb5 Ba6 33. Rxe5 Rf1+ 34. Kh2 Re1 35. Bd4 1-0

[Event "Edmonton Spring Sectional A"]
[Site "Edmonton CAN"]
[Date "2005.04.03"]
[Round "4.1"]
[White "Sasata, Robert"]
[Black "Yoos, John"]
[Result "1/2-1/2"]
[WhiteElo "2313"]
[BlackElo "2408"]
[PlyCount "83"]
[GameId "2160767910968885"]
[EventDate "2005.04.01"]
[EventType "tourn"]
[EventRounds "5"]
[EventCountry "CAN"]

1. d4 Nf6 2. c4 e6 3. Nc3 Bb4 4. e3 Nc6 5. Bd3 e5 6. Nge2 d5 7. cxd5 Nxd5 8. O-O Nde7 9. a3 Bd6 10. d5 Nb8 11. e4 O-O 12. Ng3 a6 13. Be3 Nd7 14. Rc1 Nf6 15. Bg5 Ne8 16. Bb1 h6 17. Be3 Nf6 18. h3 Ng6 19. Nf5 Bxf5 20. exf5 Ne7 21. Qf3 c6 22. dxc6 Nxc6 23. Rfd1 Qe7 24. Ne4 Nd4 25. Bxd4 exd4 26. Nxd6 Qxd6 27. Rc4 Rad8 28. Qd3 Rfe8 29. Ba2 Qe5 30. Rxd4 Rxd4 31. Qxd4 Qxf5 32. Bb1 Qa5 33. Bd3 Re1+ 34. Rxe1 Qxe1+ 35. Kh2 Qe7 36. g3 g6 37. b4 Kg7 38. a4 Qd7 39. Qxd7 Nxd7 40. f4 Nf6 41. Bc4 b5 42. axb5 1/2-1/2

[Event "Edmonton Spring Sectional B"]
[Site "Edmonton CAN"]
[Date "2005.04.01"]
[Round "1"]
[White "Gardner, Robert"]
[Black "Rekhson, Vladislav"]
[Result "0-1"]
[WhiteElo "2230"]
[BlackElo "2103"]
[PlyCount "46"]
[GameId "2160767910968887"]
[EventDate "2005.04.01"]
[EventType "tourn"]
[EventRounds "5"]
[EventCountry "CAN"]

1. f4 c5 2. b3 Nf6 3. Bb2 g6 4. Nf3 Bg7 5. c4 O-O 6. g3 Nc6 7. Bg2 d6 8. O-O Bd7 9. d3 Qc8 10. e4 Bh3 11. Qe2 Bxg2 12. Kxg2 e5 13. f5 Nd4 14. Nxd4 exd4 15. Bc1 Re8 16. Bg5 Nxe4 17. Qg4 Nxg5 18. Qxg5 Re2+ 19. Kh3 Qc6 20. Rg1 Qf3 21. Qf4 Qh5+ 22. Qh4 Qxf5+ 23. g4 Re3+ 0-1